000 00929cab a2200253 4500
001 ABS45328
008 090401t1991 xxu||||| |||| 00| 0 eng d
035 _a(Sirsi) u52367
041 _aeng
100 _aMynors, C.
245 _aPlanning and compensation : the new Act
260 _c1991
350 _a0
490 _aSolicitors` Journal
_v135(40) 18 October 1991, 1137-1138(2)
520 _aDescribes those provisions of the Planning and Compensation Act 1991 which come into force on 25 September covering the status of development plans, determination, compensation for refusal of planning permission, minerals, waste disposal, compulsory purchase and compensation.
650 _aCOMPENSATION
650 _aCompulsory purchase
_96228
650 _aDEVELOPMENT PLANS
650 _aPLANNING PERMISSION
650 _aWASTE DISPOSAL
690 _aPLANNING LAW AND PRACTICE
942 _n0
948 _c04/03/1997
999 _c32463
_d32463